| 000 | 00976cam a2200265Ii 4500 | ||
|---|---|---|---|
| 999 |
_c9235 _d9235 |
||
| 001 | 5524227 | ||
| 003 | OCoLC | ||
| 005 | 20210114170406.0 | ||
| 008 | 791015s1963 vaua 000 0 eng d | ||
| 040 |
_aIOO _beng _erda _cIOO _dMBO _dPLT |
||
| 090 |
_aBS605.2 _b.K4x |
||
| 092 |
_a230 _bK38i |
||
| 100 | 1 |
_aKennedy, William Bean. _0http://id.loc.gov/authorities/names/n86064161 |
|
| 245 | 1 | 0 |
_aInto covenant life /. VOL 2 _cWilliam Bean Kennedy ; illustrated by Robert A. Stratton. |
| 264 | 1 |
_aRichmond, Virginia : _bCLC Press, _c[1963] |
|
| 264 | 4 | _c©1963 | |
| 300 |
_a2 volumes (410 pages) : _billustrations ; _c21 cm. |
||
| 336 |
_atext _btxt _2rdacontent |
||
| 337 |
_aunmediated _bn _2rdamedia |
||
| 338 |
_avolume _bnc _2rdacarrier |
||
| 490 | 0 | _aCovenant life curriculum. | |
| 650 | 0 |
_aChurch membership. _0http://id.loc.gov/authorities/subjects/sh85025649 |
|
| 650 | 0 |
_aReligious education _xTextbooks. _0http://id.loc.gov/authorities/subjects/sh85112641 |
|
| 942 |
_2ddc _cBK |
||